000 00818nam a2200205 a 4500
001 BRCA_1781
005 20190320203539.0
008 951211s1994 mx-a---##b---s000-0#spa-#
050 4 _aNA5257.G9
_b.O73 1994
245 1 0 _aEl oratorio filipense en Guanajuato
_b200 años y los precursores jesuitas
_cJosé Luis F. Díaz Ramírez editor.
260 _aGuanajuato, México
_bGobierno del Estado de Guanajuato : Estudio 54
_c1994
300 _a269 p.
_bil. (algunas a color)
_c33 cm.
500 _aColección Sonia Corcuera de Mancera
504 _aBibliografía: p. 269
610 2 4 _aCongregación del Oratorio de San Felipe Neri (Guanajuato, México)
_xHistoria
_95553
651 4 _aGuanajuato (México)
_xHistoria de la Iglesia
_95554
700 1 _aDíaz Ramírez, José Luis F
_95555
902 _aDSC
942 _2lcc
_cB
999 _c1563
_d1563